Introduction to quantitative genetics
Gardado en:
| Main Authors: | , |
|---|---|
| Formato: | Libro |
| Idioma: | inglés |
| Publicado: |
Essex
Pearson Education Limited
1996
|
| Subjects: | |
| Tags: |
Engadir etiqueta
Sen Etiquetas, Sexa o primeiro en etiquetar este rexistro!
|
MARC
| LEADER | 00000cam a2200000 a 4500 | ||
|---|---|---|---|
| 001 | UCF4620 | ||
| 003 | CL-VaPUC | ||
| 008 | 121213e19960000UK |||||||||||||||||eng|d | ||
| 020 | |a 0582243025 | ||
| 082 | 0 | 4 | |a 575.1 |b FAL |2 21 |
| 100 | 0 | |a Falconer, D. S |e author |9 566177 | |
| 700 | 0 | |a Mackay, Trudy F. C |e author |9 566178 | |
| 245 | 1 | 0 | |a Introduction to quantitative genetics |
| 300 | |a 464 p | ||
| 942 | |c BK | ||
| 945 | |d 20121213 00:00:00 |a dcastane | ||
| 260 | |a Essex |b Pearson Education Limited |c 1996 | ||
| 650 | 0 | |a Genética |9 259443 | |
| 650 | 0 | |a Ciencias de la vida |9 314137 | |
| 650 | 0 | |a Biología |9 262022 | |
| 650 | 0 | |a Evolución |9 259442 | |
| 650 | 7 | |a EUGENESIA |2 CL-VaPUC |9 256404 | |
| 650 | 7 | |a BIOGENESIS |2 CL-VaPUC |9 566179 | |
| 583 | |a last modification |c 20121213 11:07:00 |k Rodrigo Vera | ||
| 999 | |c 350376 |d 350374 | ||
| 952 | |0 0 |1 0 |4 0 |6 575_100000000000000_FAL_1996 |7 0 |8 A |9 453661 |a BIBMAT |b BIBMAT |d 2019-11-22 |i 4918274 |o 575.1 FAL 1996 |p 4918274 |r 2025-01-07 |w 2019-11-22 |y BK |k MAT | ||